000 00634nam a22002057a 4500
003 OSt
005 20250812053203.0
008 240629b |||||||| |||| 00| 0 eng d
020 _a9780141045504
040 _aDWCL-Main Lib.
_cOC
082 _aCirc. 641.552 M478e 2009
100 _aMcevedy, Allegra
245 _aEconomy gastronomy :
_beat better and spend less/
_cAllegra Mcevedy
260 _aLondon :
_bPenguin Group,
_cc2009.
300 _a319 pages :
_bcolor illustrations ;
_c25cm.
504 _aIncludes index.
650 _a1. Low budget cooking.
650 _a2. Cooking --- English.
942 _2ddc
_cBK-CIRC
_kCirc.
_n0
999 _c1635
_d1635